000 00303nam a22001337a 4500
001 157937
005 20240604100639.0
008 240604b |||||||| |||| 00| 0 POR d
040 _cColegio novo tempo
080 _a970008
100 _aFanny A
_91658
245 _aDias dificias
942 _2udc
_cBK
_n0
999 _c157937
_d157937